| 000 | 01173cam a2200277 a 4500 | ||
|---|---|---|---|
| 001 | 4490961 | ||
| 005 | 20180519020044.0 | ||
| 008 | 970917s1998 maua 001 0 eng | ||
| 010 | _a 97038383 | ||
| 020 | _a0072892013 | ||
| 040 |
_aDLC _cDLC _dDLC |
||
| 050 | 0 | 0 |
_aT353.F976 1998 _b.F976 1998 |
| 082 | 0 | 0 | _221 |
| 245 | 0 | 0 |
_aFundamentals of graphics communication / _cGary R. Bertoline, Eric N. Wiebe, Craig L. Miller ; with contributions from Leonard O. Nasman. |
| 250 | _a2nd ed. | ||
| 260 |
_aBoston, Mass. : _bWCB/McGraw-Hill, _cc1998. |
||
| 300 |
_axix, 664, [63] p. : _bill. (some col.) ; _c27 cm. + _e1 computer laser optical disc (4 3/4 in.) |
||
| 440 | 0 | _aIrwin graphics series | |
| 500 | _aIncludes index. | ||
| 538 | _aSystem requirements for accompanying computer disks: IBM PC or compatible system; DOS 3.1 or higher; CADKey 4.0 or higher. | ||
| 650 | 0 | _aEngineering graphics. | |
| 700 | 1 | _aBertoline, Gary R. | |
| 906 |
_a7 _bcbc _corignew _d1 _eocip _f19 _gy-gencatlg |
||
| 942 |
_2lcc _cBOOKS _hT353.F976 1998 _02 |
||
| 999 |
_c13279 _d13279 |
||